Lovelock and Gaia : signs of life /

Bibliographic Details
Main Author: Turney, Jon
Format: Book
Language:English
Published: New York : Columbia University Press, 2004.
Series:Revolutions in science (Columbia University. Press)
Subjects:

MARC

Tag First Indicator Second Indicator Subfields
LEADER 00000pam a22000004a 4500
001 in00002011122
005 20151031145013.0
008 040407s2004 nyu b 000 0 eng
010 |a  2004049392 
020 |a 0231134304 
020 |a 1840464585 
035 |a (OCoLC)ocm54988950 
040 |a DLC  |c DLC  |d TXA  |d UtOrBLW 
042 |a pcc 
049 |a TXAM 
050 0 0 |a QH331  |b .T792 2004 
082 0 0 |a 550  |2 22 
100 1 |a Turney, Jon. 
245 1 0 |a Lovelock and Gaia :  |b signs of life /  |c Jon Turney. 
264 1 |a New York :  |b Columbia University Press,  |c 2004. 
300 |a 157 pages ;  |c 19 cm. 
336 |a text  |b txt  |2 rdacontent 
337 |a unmediated  |b n  |2 rdamedia 
338 |a volume  |b nc  |2 rdacarrier 
490 1 |a Revolutions in science 
504 |a Includes bibliographical references. 
650 0 |a Gaia hypothesis. 
600 1 0 |a Lovelock, James,  |d 1919- 
830 0 |a Revolutions in science (Columbia University. Press) 
948 |a cataloged  |b h  |c 2004/12/3  |d c  |e dmitchel  |f 9:20:10 am 
994 |a E0  |b TXA 
999 |a MARS 
999 f f |s ade8e8c4-8582-399d-9e38-ba268a309ea6  |i cb9dd7fc-b690-3509-b704-aa7084688f4b  |t 0 
952 f f |p ric  |a Texas A&M University  |b Rellis Campus  |c Joint Library Facility  |d Remote Storage  |t 0  |e QH331 .T792 2004  |h Library of Congress classification  |i unmediated -- volume  |m A14831639928 
998 f f |a QH331 .T792 2004  |t 0  |l Remote Storage